000 00946nam a2200241 a 4500
001 000021622
005 20200930011404.0
008 100909s2004 dr ac 001 0 spa d
040 _aDO-SdBNP
_bspa
_cBNPHU
082 _a972.93054
_bG935s
245 0 3 _aLa guerrilla que señaló un horizonte :
_ba 40 años de un sueño, diario de la guerrilla de Manaclas /
_cMarcelo Bermúdez, Napoleón Méndez, Germán Arias, Rafael Reyes, Fidelio Despradel.
260 _aSanto Domingo :
_bBúho,
_c2004.
300 _a179 p. :
_bil., mapas, retrs. ;
_c23 cm.
590 _aInventariado, 2019/MFF
650 4 _aGuerrillas
_zRepública Dominicana
_917919
651 4 _aRepública Dominicana
_xHistoria
_ySIGLO XX
_99490
700 1 _aBermúdez, Marcelo
_944992
700 1 _aMéndez, Napoleón
_944993
700 1 _aArias, Germán
_944994
700 1 _aReyes, Rafael
_944995
700 1 _aDespradel, Fidelio
_9324
910 _aValidado. Control de calidad EMS
999 _c21121
_d21121